[Event "Stuttgarter Stadtmeisterschaft 2010 A"]
[Site "Ditzingen"]
[Date "2010.05.14"]
[Round "3.42"]
[White "Ohnmacht, Rolf"]
[Black "Lumsdon, Andrew"]
[Result "0-1"]
[WhiteElo "1946"]
[BlackElo "2081"]
[PlyCount "80"]
[EventDate "2010.??.??"]
[WhiteTeam "SC Niefern-Öschelbronn"]
[BlackTeam "SC Brombach e.V."]

1. e4 c6 2. d4 d5 3. exd5 cxd5 4. Bd3 Nc6 5. c3 Qc7 6. f4 Nf6 7. Nf3 Bg4 8. O-O
e6 9. Qe1 Bxf3 10. Rxf3 Bd6 11. b4 O-O 12. Na3 a6 13. Bd2 Ne7 14. c4 dxc4 15.
Nxc4 Nf5 16. Bxf5 Qxc4 17. Bd3 Qxd4+ 18. Kh1 Nd5 19. Rd1 g6 20. Be4 Qc4 21.
Bxd5 exd5 22. a3 Rae8 23. Re3 Qc6 24. Rc1 Qb5 25. Qh4 Rxe3 26. Bxe3 Re8 27. Bd4
Be7 28. Qh6 Bf8 29. Qg5 Bg7 30. Bxg7 Kxg7 31. f5 Qc6 32. Qd2 Qd6 33. Rf1 f6 34.
fxg6 hxg6 35. Rd1 d4 36. h3 d3 37. Re1 Rxe1+ 38. Qxe1 d2 39. Qd1 Qd4 40. Kh2
Qe5+ 0-1

[Event "Stuttgarter Stadtmeisterschaft 2010 A"]
[Site "Ditzingen"]
[Date "2010.05.14"]
[Round "3.16"]
[White "Vaysberg, Alexander"]
[Black "Aerni, Andreas"]
[Result "1-0"]
[WhiteElo "2218"]
[BlackElo "2111"]
[PlyCount "109"]
[EventDate "2010.??.??"]
[WhiteTeam "SF Pfullingen"]
[BlackTeam "SC Brombach e.V."]

1. e4 d5 2. exd5 Qxd5 3. Nc3 Qa5 4. Bc4 Nf6 5. a3 c6 6. b4 Qc7 7. Qe2 e6 8. Nf3
Be7 9. O-O O-O 10. d4 b5 11. Bd3 a5 12. Bd2 axb4 13. axb4 Rxa1 14. Rxa1 Na6 15.
Ne4 Nxe4 16. Qxe4 f5 17. Qe1 Qd6 18. c3 Bf6 19. g3 c5 20. bxc5 Nxc5 21. Bxb5
Nb3 22. Rd1 Nxd2 23. Qxd2 Bb7 24. Be2 Rc8 25. Qe3 h6 26. Bf1 Rc7 27. Re1 Kf7
28. Bg2 Bd5 29. Ra1 Kg8 30. Re1 Qa3 31. Rc1 Be4 32. h4 Kh7 33. c4 Qa2 34. Nd2
Qb2 35. Nxe4 Bxd4 36. Qe2 fxe4 37. Bxe4+ g6 38. Qxb2 Bxb2 39. Rc2 Bd4 40. h5
Kg7 41. hxg6 e5 42. Kg2 Kf6 43. f4 exf4 44. gxf4 Ke6 45. Kf3 h5 46. Bd5+ Kf5
47. Bf7 Ra7 48. c5 Ra3+ 49. Ke2 Ra7 50. c6 Rc7 51. Kf3 Kf6 52. Ke4 Bb6 53. Kd5
Re7 54. Rg2 Kg7 55. f5 1-0

[Event "Stuttgarter Stadtmeisterschaft 2010 A"]
[Site "Ditzingen"]
[Date "2010.05.14"]
[Round "3.44"]
[White "Sommerhalder, Eric"]
[Black "Keller, Harald"]
[Result "0-1"]
[WhiteElo "1954"]
[BlackElo "2052"]
[PlyCount "76"]
[EventDate "2010.??.??"]
[WhiteTeam "SC Brombach e.V."]
[BlackTeam "SV Rottweil"]

1. e4 Nf6 2. e5 Nd5 3. d4 d6 4. Nf3 g6 5. c4 Nb6 6. Be2 Bg7 7. exd6 cxd6 8. b3
Nc6 9. Bb2 O-O 10. Nbd2 d5 11. Ne5 dxc4 12. Nxc6 bxc6 13. Nxc4 c5 14. dxc5 Bxb2
15. Nxb2 Nd5 16. Bf3 Bb7 17. Qd4 Qa5+ 18. Kf1 e5 19. Nc4 Qb5 20. Qd2 Qxc5 21.
Na5 Ba6+ 22. Kg1 Rad8 23. Rc1 Qa3 24. Nc6 Rd6 25. Bxd5 Rxd5 26. Ne7+ Qxe7 27.
Qxd5 Rd8 28. Qa5 Bb7 29. h4 e4 30. Qc7 Rd1+ 31. Rxd1 Qxc7 32. h5 g5 33. Rh3 h6
34. Re1 f5 35. Ree3 f4 36. Rc3 Qd7 37. Rc1 e3 38. fxe3 Qd2 0-1

[Event "Stuttgarter Stadtmeisterschaft 2010 A"]
[Site "Ditzingen"]
[Date "2010.05.14"]
[Round "3.33"]
[White "Schuster, Gerhard"]
[Black "König, Dirk"]
[Result "1-0"]
[WhiteElo "1996"]
[BlackElo "2106"]
[PlyCount "51"]
[EventDate "2010.??.??"]
[WhiteTeam "SC Feuerbach e. V."]
[BlackTeam "SC Grunbach"]

1. e4 d6 2. d4 Nf6 3. Nc3 g6 4. Nf3 Bg7 5. Be2 O-O 6. O-O c6 7. a4 Nbd7 8. h3
Qc7 9. Be3 b6 10. Nh2 c5 11. d5 a6 12. Qd2 Rd8 13. Bh6 Bh8 14. f4 Bb7 15. h4 c4
16. h5 b5 17. f5 Bg7 18. hxg6 hxg6 19. fxg6 fxg6 20. Ng4 Nxg4 21. Bxg4 Ne5 22.
Be6+ Kh7 23. Be3 b4 24. Qf2 g5 25. Qf5+ Ng6 26. Bf7 1-0

[Event "Stuttgarter Stadtmeisterschaft 2010 A"]
[Site "Ditzingen"]
[Date "2010.05.14"]
[Round "3.56"]
[White "Ruff, Robert"]
[Black "Gibicar, Danijel"]
[Result "0-1"]
[WhiteElo "1848"]
[BlackElo "1965"]
[PlyCount "105"]
[EventDate "2010.??.??"]
[WhiteTeam "SC Gross-Sachsenheim"]
[BlackTeam "SK Bebenhausen 1992"]

1. d4 Nf6 2. c4 c5 3. d5 b5 4. cxb5 a6 5. e3 d6 6. Nc3 axb5 7. Bxb5+ Bd7 8. Bc4
g6 9. Bd2 Bg7 10. Nf3 Qb6 11. Qc2 Na6 12. a3 O-O 13. Rb1 Nc7 14. O-O Nb5 15. e4
Nd4 16. Qd3 Ng4 17. Bf4 Nxf3+ 18. Qxf3 Ne5 19. Bxe5 Bxe5 20. Qd3 f5 21. f3 Rf7
22. Kh1 Raf8 23. Qe2 fxe4 24. Nxe4 Bf5 25. b3 Qa5 26. a4 h6 27. Rbd1 Kg7 28.
Qe1 Qb6 29. a5 Qa7 30. a6 Rb8 31. Qe2 Rb6 32. Rd2 Rf8 33. Ra2 Bd7 34. g3 Rbb8
35. Nf2 Rf7 36. Nd3 Bd4 37. Nf4 Rbf8 38. Bd3 Rxf4 39. gxf4 Bh3 40. Re1 Rf7 41.
Be4 Rxf4 42. Qb5 Rf8 43. Qd3 Rf6 44. Rd1 Be5 45. Rg1 g5 46. Qe2 Rf4 47. Bd3 Rh4
48. Ra4 Bf4 49. Qe4 Bf5 50. Rxg5+ hxg5 51. Qxf4 Rxf4 52. Rxf4 gxf4 53. Bc4 0-1

[Event "Stuttgarter Stadtmeisterschaft 2010 A"]
[Site "Ditzingen"]
[Date "2010.05.14"]
[Round "3.61"]
[White "Schömbs, Oliver"]
[Black "Baumeister, Wolfgang"]
[Result "1-0"]
[WhiteElo "1952"]
[BlackElo "1881"]
[PlyCount "83"]
[EventDate "2010.??.??"]
[WhiteTeam "SC Ingersheim e.V."]
[BlackTeam "SC Kreuzberg e.V."]

1. d4 Nf6 2. c4 e6 3. Nc3 Bb4 4. Qc2 c5 5. e3 Na6 6. a3 Bxc3+ 7. bxc3 O-O 8.
Nf3 d6 9. Be2 Re8 10. e4 e5 11. d5 Qa5 12. Nd2 Bd7 13. a4 Reb8 14. Bb2 Qd8 15.
h3 b6 16. Nf1 Rb7 17. Ng3 Nc7 18. O-O a6 19. Bc1 Nfe8 20. Bd3 Qh4 21. Kh2 g5
22. Qd2 f6 23. Rh1 Rab8 24. Kg1 b5 25. axb5 axb5 26. cxb5 Nxb5 27. Ne2 Ng7 28.
Ra6 Rb6 29. Qa2 Kf7 30. Bxb5 Rxb5 31. Rxd6 Ke7 32. Ra6 Qxe4 33. Kh2 Qd3 34. Ng3
Qxc3 35. Ne4 Qd4 36. d6+ Kd8 37. Qg8+ Ne8 38. Nxf6 Rb1 39. Nxe8 Bxe8 40. Qxg5+
Kd7 41. Qe7+ Kc8 42. Qc7# 1-0

[Event "Stuttgarter Stadtmeisterschaft 2010 A"]
[Site "Ditzingen"]
[Date "2010.05.14"]
[Round "3.46"]
[White "Zikeli, Saskia"]
[Black "Schlachetzki, Horst"]
[Result "1-0"]
[WhiteElo "2033"]
[BlackElo "1948"]
[PlyCount "47"]
[EventDate "2010.??.??"]
[WhiteTeam "SC Ingersheim e.V."]
[BlackTeam "SC Leinfelden"]

1. e4 c5 2. Nf3 d6 3. d4 cxd4 4. Nxd4 Nf6 5. Nc3 a6 6. Bg5 e6 7. f4 Be7 8. Qf3
Qc7 9. O-O-O Nbd7 10. Bd3 h6 11. Qh3 Nc5 12. f5 Bd7 13. Bxf6 Bxf6 14. fxe6 Nxe6
15. Nd5 Bg5+ 16. Kb1 Qc5 17. Nb3 Qa7 18. Qg3 O-O 19. h4 Bd8 20. Qxd6 Bc6 21.
Rdf1 Bxd5 22. exd5 Bc7 23. Qb4 a5 24. Qe4 1-0

[Event "Stuttgarter Stadtmeisterschaft 2010 A"]
[Site "Ditzingen"]
[Date "2010.05.14"]
[Round "3.60"]
[White "Mayer, Dietmar"]
[Black "Jehle, Anja"]
[Result "0-1"]
[WhiteElo "1851"]
[BlackElo "1953"]
[PlyCount "96"]
[EventDate "2010.??.??"]
[WhiteTeam "SC-HP Böbl.1975 e.V."]
[BlackTeam "SC Ingersheim e.V."]

1. d4 Nf6 2. Nf3 g6 3. Nc3 Bg7 4. e4 d6 5. Be3 Nbd7 6. Qd2 Ng4 7. Bg5 h6 8. Bh4
c5 9. h3 cxd4 10. Nxd4 Nge5 11. f4 Nc6 12. Bf2 a6 13. Be2 Nxd4 14. Bxd4 e5 15.
Be3 Qh4+ 16. Bf2 Qxf4 17. Qxd6 Qf6 18. Qb4 Bf8 19. Qa4 Qc6 20. Bb5 axb5 21.
Qxa8 Bb4 22. O-O Bxc3 23. bxc3 O-O 24. Qa5 Nf6 25. Qb6 Nxe4 26. Qxc6 bxc6 27.
Rfe1 f5 28. Re3 Be6 29. a4 bxa4 30. Rxa4 Rd8 31. Rd3 Rxd3 32. cxd3 Nxc3 33.
Ra8+ Kf7 34. Kf1 Bd5 35. Ra7+ Kf6 36. Bc5 g5 37. Be7+ Kg6 38. Bd6 e4 39. dxe4
Nxe4 40. Ke2 Nxd6 41. Rd7 Ne4 42. Ke3 Nc5 43. Rd6+ Kh5 44. g4+ fxg4 45. hxg4+
Kxg4 46. Rxh6 Kf5 47. Rh5 Ne6 48. Rh1 Bxh1 0-1

[Event "Stuttgarter Stadtmeisterschaft 2010 A"]
[Site "Ditzingen"]
[Date "2010.05.14"]
[Round "3.43"]
[White "Turski, Tomasz"]
[Black "Tominski, Norbert"]
[Result "0-1"]
[WhiteElo "2056"]
[BlackElo "1921"]
[PlyCount "78"]
[EventDate "2010.??.??"]
[WhiteTeam "SC Ingersheim e.V."]
[BlackTeam "VfR-SC Koblenz"]

1. d4 d5 2. c4 e6 3. Nc3 Be7 4. Nf3 Nf6 5. Bg5 O-O 6. e3 h6 7. Bh4 b6 8. Rc1
Bb7 9. Bd3 Nbd7 10. O-O c5 11. Qe2 Rc8 12. Rfd1 cxd4 13. Nxd4 Nc5 14. Bb1 Nfe4
15. Nxe4 Bxh4 16. Nxc5 Rxc5 17. Nb3 Rc7 18. cxd5 Rxc1 19. Nxc1 exd5 20. Nb3 Qe7
21. Nd4 g6 22. Bc2 Bf6 23. Bb3 Rc8 24. h3 a6 25. Qf3 Rd8 26. Rc1 Qd6 27. g3 Bg7
28. h4 Qf6 29. Qxf6 Bxf6 30. Rc7 Rb8 31. Rd7 Bxd4 32. exd4 Kf8 33. Bxd5 Bxd5
34. Rxd5 Ke7 35. Kf1 f6 36. h5 Ke6 37. hxg6 Kxd5 38. f4 f5 39. Kf2 Rg8 0-1

[Event "Stuttgarter Stadtmeisterschaft 2010 A"]
[Site "Ditzingen"]
[Date "2010.05.14"]
[Round "3.30"]
[White "Göbel, Constantin"]
[Black "Bärner, Helmut"]
[Result "1/2-1/2"]
[WhiteElo "2011"]
[BlackElo "2126"]
[PlyCount "99"]
[EventDate "2010.??.??"]
[WhiteTeam "SC Ladja Roßdorf"]
[BlackTeam "SC Tamm 74"]

1. e4 d5 2. exd5 Nf6 3. Nf3 Nxd5 4. d4 Bg4 5. Be2 e6 6. O-O Bd6 7. Ne5 Bxe2 8.
Qxe2 O-O 9. c4 Ne7 10. Nc3 Nbc6 11. Nf3 Nf5 12. Rd1 Qf6 13. Ne4 Qg6 14. a3 a5
15. Nxd6 Nxd6 16. Bf4 Rac8 17. Bxd6 cxd6 18. d5 exd5 19. cxd5 Rfe8 20. Qb5 Ne5
21. Nxe5 Rxe5 22. Qxa5 h5 23. Re1 Rg5 24. g3 h4 25. Re3 Qf5 26. Rae1 Rc2 27.
R3e2 Rxe2 28. Rxe2 h3 29. Qc3 Qxd5 30. Qc8+ Kh7 31. Qxh3+ Rh5 32. Qg4 g6 33.
Qe4 b5 34. Kg2 Kg7 35. f4 Qd1 36. Qe3 Rd5 37. Qc3+ Rd4 38. Kf2 Qd3 39. Qxd3
Rxd3 40. Rc2 Kf6 41. Ke2 Rb3 42. Rd2 Ke6 43. Kd1 Kd7 44. Kc2 Re3 45. b3 Kc6 46.
f5 Rf3 47. fxg6 fxg6 48. Rd3 Rf2+ 49. Rd2 Rf3 50. Rd3 1/2-1/2

[Event "Stuttgarter Stadtmeisterschaft 2010 A"]
[Site "Ditzingen"]
[Date "2010.05.14"]
[Round "3.41"]
[White "Schnepel, Thomas"]
[Black "Weiler, Dieter"]
[Result "1/2-1/2"]
[WhiteElo "1957"]
[BlackElo "2202"]
[PlyCount "148"]
[EventDate "2010.??.??"]
[WhiteTeam "SC Pforzheim 1906"]

1. e4 c5 2. Nf3 Nc6 3. d4 cxd4 4. Nxd4 e6 5. Nc3 Qc7 6. Be3 a6 7. Qd2 Nf6 8. f3
b5 9. Bd3 Bb7 10. O-O Nxd4 11. Bxd4 Bc5 12. Qf2 Bxd4 13. Qxd4 e5 14. Qb4 d6 15.
Kh1 Qc5 16. Qb3 O-O 17. Rad1 Rac8 18. f4 Ng4 19. Rd2 exf4 20. h3 Ne5 21. Rxf4
Qe3 22. Rdf2 Rc5 23. a4 Bc6 24. Kh2 g5 25. R4f3 Nxf3+ 26. Rxf3 Qd4 27. axb5
axb5 28. Kh1 Kg7 29. Qa2 Bd7 30. Qa7 Be6 31. Nxb5 Qxb2 32. Nxd6 Qe5 33. Nf5+
Kg8 34. Nh6+ Kg7 35. Nf5+ Kg8 36. Rg3 Rc7 37. Qe3 f6 38. Nd4 Ra8 39. h4 Ra1+
40. Kh2 Rg7 41. Nf3 Qc7 42. e5 fxe5 43. Nxg5 Bd5 44. Bxh7+ Kh8 45. Be4 Bxe4 46.
Qxe4 Qc5 47. Rf3 Qg1+ 48. Kh3 Qc5 49. Kh2 Qg1+ 50. Kg3 Qe1+ 51. Qxe1 Rxe1 52.
Kf2 Rc1 53. Rf8+ Rg8 54. Nf7+ Kg7 55. Rxg8+ Kxg8 56. Nxe5 Rxc2+ 57. Kf3 Kg7 58.
g4 Kf6 59. Nd3 Rc4 60. Nf2 Rc3+ 61. Kf4 Rc1 62. Ne4+ Kg6 63. Ng3 Rc4+ 64. Kf3
Rc3+ 65. Kf4 Rc4+ 66. Ne4 Rc1 67. Nd2 Rd1 68. Nf3 Rf1 69. Kg3 Kf6 70. Kg2 Ra1
71. Kg3 Ra3 72. g5+ Kf5 73. h5 Rxf3+ 74. Kxf3 Kxg5 1/2-1/2

[Event "Stuttgarter Stadtmeisterschaft 2010 A"]
[Site "Ditzingen"]
[Date "2010.05.14"]
[Round "3.48"]
[White "Viehoff, Jürgen"]
[Black "Paul, Mathias"]
[Result "0-1"]
[WhiteElo "1886"]
[BlackElo "2009"]
[PlyCount "112"]
[EventDate "2010.??.??"]
[WhiteTeam "SC Stetten a.d.F."]

1. d4 Nf6 2. Nf3 g6 3. Bg5 Bg7 4. Nbd2 O-O 5. e3 d6 6. Be2 Nbd7 7. O-O c5 8. c3
h6 9. Bh4 a6 10. dxc5 Nxc5 11. Nd4 Qc7 12. h3 e5 13. Nc2 Be6 14. f3 b5 15. Bxf6
Bxf6 16. Ne4 Be7 17. Nxc5 Qxc5 18. Kh1 a5 19. Bd3 b4 20. cxb4 axb4 21. b3 Ra7
22. Qd2 d5 23. e4 Kh7 24. exd5 Bxd5 25. Ne3 Be6 26. Nc4 Bf6 27. Nd6 Bg7 28.
Rac1 Qa5 29. Rc2 Rd7 30. Ne4 Rfd8 31. Rd1 Rxd3 32. Qxd3 Rxd3 33. Rxd3 Qb5 34.
Rd8 Qf1+ 35. Kh2 Bf5 36. Rc7 Bxe4 37. fxe4 Qf4+ 38. Kh1 g5 39. Rdd7 Qf1+ 40.
Kh2 Kg6 41. Rxf7 Qxf7 42. Rxf7 Kxf7 43. Kg3 h5 44. Kf3 Ke6 45. g4 h4 46. Ke3
Kd6 47. Kd3 Kc5 48. Ke3 Bf8 49. Kd3 Kb5 50. Ke3 Bc5+ 51. Kf3 Bd4 52. Ke2 Kc5
53. Kd2 Bg1 54. Kd3 Bh2 55. Ke3 Bg3 56. Kd3 Bf4 0-1

[Event "Stuttgarter Stadtmeisterschaft 2010 A"]
[Site "Ditzingen"]
[Date "2010.05.14"]
[Round "3.45"]
[White "Kreiter, Thomas"]
[Black "Roth, Stefan"]
[Result "0-1"]
[WhiteElo "1935"]
[BlackElo "2034"]
[PlyCount "98"]
[EventDate "2010.??.??"]
[WhiteTeam "SC Tamm 74"]
[BlackTeam "SG Kaiserslautern 1905"]

1. d4 c5 2. d5 Nf6 3. c4 e6 4. Nc3 exd5 5. cxd5 d6 6. e4 g6 7. Bd3 Bg7 8. Nf3
O-O 9. O-O Bg4 10. h3 Bxf3 11. Qxf3 a6 12. a4 Nbd7 13. Qe2 Re8 14. Bf4 Qc7 15.
Rac1 Nxe4 16. Nxe4 f5 17. Qc2 fxe4 18. Bxe4 Ne5 19. h4 Qf7 20. g3 Bf6 21. Bd2
b5 22. b3 Ng4 23. Bd3 b4 24. Bf4 Be5 25. Bg5 Bd4 26. Bf4 Ne5 27. Bxe5 Rxe5 28.
Be4 Rae8 29. Rce1 Qe7 30. Bxg6 Rxe1 31. Bxe8 Rxf1+ 32. Kxf1 Qxe8 33. Qf5 Bg7
34. Qd3 a5 35. Qa6 Qd8 36. f4 Bd4 37. Kg2 h5 38. Qe2 Qd7 39. Qxh5 Qf7 40. Qg5+
Kh7 41. Kf3 Bg7 42. Ke4 Qg6+ 43. Qxg6+ Kxg6 44. g4 Kf7 45. f5 Be5 46. g5 Bg3
47. h5 Bh4 48. g6+ Kg7 49. Kd3 Bf6 0-1

[Event "Stuttgarter Stadtmeisterschaft 2010 A"]
[Site "Ditzingen"]
[Date "2010.05.14"]
[Round "3.51"]
[White "Lerner, Jürgen"]
[Black "Braun, Rüdiger-Thomas"]
[Result "1/2-1/2"]
[WhiteElo "1884"]
[BlackElo "1988"]
[PlyCount "68"]
[EventDate "2010.??.??"]
[WhiteTeam "SC Überlingen"]
[BlackTeam "SF Birkenfeld"]

1. d4 d5 2. c4 Nc6 3. e3 Nf6 4. Nc3 e6 5. Nf3 Be7 6. Bd3 O-O 7. e4 dxc4 8. Bxc4
Bb4 9. Bg5 h6 10. Bxf6 Qxf6 11. e5 Qd8 12. O-O Ne7 13. Qe2 c5 14. Rfd1 Bxc3 15.
bxc3 Qc7 16. Bd3 g6 17. Nd2 Bd7 18. Ne4 Ba4 19. Rdc1 b6 20. Nd6 Rad8 21. Qe3
Kh7 22. Ne4 c4 23. Nf6+ Kg7 24. Be4 Bc6 25. Ng4 Rh8 26. Bxc6 Qxc6 27. Qf4 Nd5
28. Qf3 Qc7 29. Nf6 Qe7 30. Ne4 Rd7 31. Nd6 Rc7 32. a4 Qd7 33. Rcb1 Rhc8 34. a5
Rc6 1/2-1/2

[Event "Stuttgarter Stadtmeisterschaft 2010 A"]
[Site "Ditzingen"]
[Date "2010.05.14"]
[Round "3.39"]
[White "Rempeli, Alex"]
[Black "Braun, Georg"]
[Result "0-1"]
[WhiteElo "1807"]
[BlackElo "2074"]
[PlyCount "54"]
[EventDate "2010.??.??"]
[WhiteTeam "SF Deizisau"]
[BlackTeam "SK Bebenhausen 1992"]

1. d4 Nf6 2. c4 c5 3. d5 b5 4. Nd2 Qa5 5. Qc2 e6 6. dxe6 fxe6 7. b4 Qxb4 8. a4
bxc4 9. Rb1 Qa5 10. Bb2 Be7 11. Bc3 Qc7 12. Nxc4 Nc6 13. e3 d5 14. Nd2 O-O 15.
Ngf3 Bb7 16. Be2 Bd6 17. Ng5 Nd8 18. h4 d4 19. Rxb7 Nxb7 20. Nxe6 Qe7 21. Ba1
dxe3 22. Ne4 exf2+ 23. Kd1 Qxe6 24. Bxf6 Qd5+ 25. Kc1 Bf4+ 26. Kb1 Rab8 27. Bb2
Na5 0-1

[Event "Stuttgarter Stadtmeisterschaft 2010 A"]
[Site "Ditzingen"]
[Date "2010.05.14"]
[Round "3.47"]
[White "Schäfer, Daniela"]
[Black "Zimmermann, Ulrich"]
[Result "0-1"]
[WhiteElo "1917"]
[BlackElo "2022"]
[PlyCount "38"]
[EventDate "2010.??.??"]
[WhiteTeam "SF Deizisau"]
[BlackTeam "SK Bebenhausen 1992"]

1. e4 Nc6 2. Nf3 f5 3. exf5 d5 4. Bb5 Bxf5 5. O-O e6 6. Nd4 Nge7 7. Re1 Kf7 8.
Bxc6 Nxc6 9. Nxc6 bxc6 10. d4 Bd6 11. Qh5+ Bg6 12. Qf3+ Qf6 13. Qc3 Rhf8 14.
Qxc6 Kg8 15. Be3 Rab8 16. c3 Rxb2 17. Kh1 Be4 18. Nd2 Rxd2 19. Bxd2 Bxg2+ 0-1

[Event "Stuttgarter Stadtmeisterschaft 2010 A"]
[Site "Ditzingen"]
[Date "2010.05.14"]
[Round "3.38"]
[White "Gustain, Marc"]
[Black "Mainik, Philipp"]
[Result "1-0"]
[WhiteElo "2085"]
[BlackElo "1716"]
[PlyCount "79"]
[EventDate "2010.??.??"]
[WhiteTeam "SF Deizisau"]
[BlackTeam "SV Fellbach"]

1. e4 e6 2. d4 d5 3. Nc3 Bb4 4. e5 c5 5. a3 Bxc3+ 6. bxc3 Ne7 7. Qg4 O-O 8. Bd3
c4 9. Be2 Nbc6 10. h4 f6 11. exf6 Rxf6 12. Qg3 Nf5 13. Qh2 Qb6 14. Nf3 Nfxd4
15. cxd4 Nxd4 16. Bd1 e5 17. O-O e4 18. Nxd4 Qxd4 19. Rb1 b6 20. Bf4 Qc5 21.
Be5 Rf7 22. c3 Qxa3 23. Bd4 Qe7 24. Qg3 Bf5 25. Ra1 Qc7 26. Qxc7 Rxc7 27. Bxb6
Rb7 28. Bd4 a5 29. Ba4 Bd7 30. Bxd7 Rxd7 31. Rfb1 a4 32. Ra3 Rd6 33. Rb4 Rda6
34. Rb7 Rg6 35. Rb4 Rga6 36. Kf1 h6 37. h5 Kf8 38. Rb5 Rd8 39. Rb7 Re8 40.
Bxg7+ 1-0

[Event "Stuttgarter Stadtmeisterschaft 2010 A"]
[Site "Ditzingen"]
[Date "2010.05.14"]
[Round "3.54"]
[White "Schembera, Jörg"]
[Black "Hirschfeld, Dennis"]
[Result "0-1"]
[WhiteElo "1854"]
[BlackElo "1980"]
[PlyCount "58"]
[EventDate "2010.??.??"]
[WhiteTeam "SF Oeffingen e.V."]
[BlackTeam "SV Besigheim"]

1. d4 Nf6 2. c4 e6 3. Nc3 Bb4 4. Qc2 Nc6 5. Nf3 d6 6. Bg5 h6 7. Bxf6 Qxf6 8. e3
O-O 9. a3 Bxc3+ 10. Qxc3 a5 11. Rc1 e5 12. d5 Nd8 13. e4 b6 14. Nd2 Nb7 15. Qg3
Nc5 16. Rc3 Qe7 17. Rf3 f5 18. exf5 Bxf5 19. Be2 e4 20. Re3 Qf6 21. O-O Qxb2
22. Rd1 Rae8 23. Bh5 Re5 24. Rc3 Bd7 25. Be2 Ba4 26. Qe3 Bxd1 27. Bxd1 Qa1 28.
Nb1 Qxb1 29. Rc1 Qd3 0-1

[Event "Stuttgarter Stadtmeisterschaft 2010 A"]
[Site "Ditzingen"]
[Date "2010.05.14"]
[Round "3.55"]
[White "Marquardt, Patrick"]
[Black "Pietzka, Martin"]
[Result "1-0"]
[WhiteElo "1979"]
[BlackElo "1860"]
[PlyCount "61"]
[EventDate "2010.??.??"]
[WhiteTeam "SG Donautal Tuttlingen"]
[BlackTeam "SV Nürtingen 1920"]

1. e4 c6 2. d4 d5 3. e5 Bf5 4. Be3 e6 5. Nd2 Nd7 6. c3 a6 7. f4 h6 8. Ngf3 Be7
9. Be2 Rc8 10. O-O g5 11. Ne1 c5 12. g4 Be4 13. Nxe4 dxe4 14. d5 gxf4 15. Bxf4
Bg5 16. dxe6 fxe6 17. Qa4 c4 18. Rd1 Rc6 19. Qc2 Ne7 20. Bxg5 hxg5 21. Qxe4 Qc7
22. Nf3 Rc5 23. Rf2 Nxe5 24. Nxg5 Rc6 25. Qd4 N7g6 26. Ne4 Nh4 27. Nd6+ Ke7 28.
Qxe5 Ng6 29. Qf6+ Kd7 30. Qxg6 Rxd6 31. Rf7+ 1-0

[Event "Stuttgarter Stadtmeisterschaft 2010 A"]
[Site "Ditzingen"]
[Date "2010.05.14"]
[Round "3.18"]
[White "Gabriel, Josef"]
[Black "Imhof, Thomas"]
[Result "1-0"]
[WhiteElo "2165"]
[BlackElo "2094"]
[PlyCount "127"]
[EventDate "2010.??.??"]
[WhiteTeam "Stuttgarter SF 1879"]
[BlackTeam "SGem Vaihingen-Rohr"]

1. c4 e6 2. Nc3 d5 3. d4 Nf6 4. Nf3 Be7 5. Bg5 O-O 6. e3 b6 7. Rc1 Bb7 8. Be2
Nbd7 9. O-O c5 10. cxd5 exd5 11. Bd3 Ne4 12. Bxe7 Qxe7 13. Bb1 Ndf6 14. Na4
Rfe8 15. h3 c4 16. Ne5 b5 17. Nc3 Nxc3 18. Rxc3 a5 19. Rc1 Nd7 20. Qc2 g6 21.
Nf3 Qe4 22. Qd2 Qe7 23. Rfe1 Nf6 24. Ne5 Ne4 25. Bxe4 dxe4 26. a4 bxa4 27. Rxc4
a3 28. Ra4 axb2 29. Qxb2 Qc7 30. Rc1 Qe7 31. Rc5 f6 32. Ng4 Bc8 33. Nh2 Bd7 34.
Raxa5 Rab8 35. Qc1 Rb6 36. Ra7 Rd6 37. Rcc7 Qe6 38. Ng4 Rd8 39. Qc3 Rd5 40. Qc4
Kf7 41. Rc6 Rd6 42. Qxe6+ Rxe6 43. d5 Re7 44. Rxf6+ Ke8 45. Rf4 Bf5 46. Nf6+
Kf7 47. Rxe7+ Kxe7 48. Nxh7 Rxd5 49. Ng5 Re5 50. g4 Bd7 51. Rxe4 Rxe4 52. Nxe4
Be8 53. Kh2 Bc6 54. Nc3 Kd6 55. Kg3 Kc5 56. h4 Kc4 57. Ne2 Be8 58. Nf4 Bf7 59.
h5 g5 60. Nh3 Kd5 61. Nxg5 Be8 62. h6 Bg6 63. h7 Bxh7 64. Nxh7 1-0

[Event "Stuttgarter Stadtmeisterschaft 2010 A"]
[Site "Ditzingen"]
[Date "2010.05.14"]
[Round "3.26"]
[White "Erben, Larissa"]
[Black "Reck, Moritz"]
[Result "0-1"]
[WhiteElo "2042"]
[BlackElo "2158"]
[PlyCount "162"]
[EventDate "2010.??.??"]
[WhiteTeam "SV Stuttgart-Wolfbusch 1956 e.V."]
[BlackTeam "SK Bebenhausen 1992"]

1. e4 c5 2. Nf3 Nc6 3. d4 cxd4 4. Nxd4 g6 5. Nc3 Bg7 6. Be3 Nf6 7. Bc4 O-O 8.
Bb3 a6 9. O-O e6 10. f4 Qc7 11. a3 b5 12. Kh1 Bb7 13. e5 Ne8 14. Qg4 d6 15.
Nxe6 fxe6 16. Bxe6+ Kh8 17. Nd5 Nxe5 18. fxe5 Rxf1+ 19. Rxf1 Qxc2 20. exd6 Nxd6
21. Bd4 h5 22. Bxg7+ Kxg7 23. Qd4+ Kh7 24. Nf6+ Kh6 25. Qe3+ Kg7 26. Qg3 Qe2
27. Nxh5+ Kh6 28. Re1 Bxg2+ 29. Kg1 Qd2 30. Qe3+ Qxe3+ 31. Rxe3 Bb7 32. Nf6 Kg5
33. Nd7 Ne4 34. Nb6 Rd8 35. Bd5 Bxd5 36. Nxd5 Rxd5 37. Rxe4 Rd1+ 38. Kf2 Rd2+
39. Kg3 Rxb2 40. Re3 a5 41. Rc3 a4 42. h4+ Kh6 43. Rc5 Ra2 44. Rc3 Rb2 45. Rc5
Rb3+ 46. Kf2 Rxa3 47. Rxb5 Rb3 48. Ra5 a3 49. Kg2 Kg7 50. Kf2 Kf6 51. Kg2 Ke6
52. Rc5 Kf6 53. Ra5 Rb2+ 54. Kg3 a2 55. Kf3 Ke6 56. Ke3 Kd6 57. Kd3 Rh2 58. Ke3
Kc6 59. Kd3 Kb6 60. Ra8 Kb5 61. Kc3 Kc5 62. Rc8+ Kd5 63. Ra8 Rh3+ 64. Kb2 Rxh4
65. Kxa2 Ke5 66. Ra5+ Kf6 67. Kb2 Rc4 68. Ra6+ Kg5 69. Ra5+ Kh4 70. Kb3 Rc8 71.
Ra4+ Kh5 72. Ra5+ g5 73. Ra4 g4 74. Ra5+ Kh4 75. Ra7 Kh3 76. Rh7+ Kg2 77. Rg7
g3 78. Rg6 Kh2 79. Rh6+ Kg1 80. Rg6 g2 81. Kb4 Rf8 0-1

[Event "Stuttgarter Stadtmeisterschaft 2010 A"]
[Site "Ditzingen"]
[Date "2010.05.14"]
[Round "3.59"]
[White "Stitterich, Nadine"]
[Black "Hoffmann, Jonas"]
[Result "1-0"]
[WhiteElo "1974"]
[BlackElo "1910"]
[PlyCount "81"]
[EventDate "2010.??.??"]
[WhiteTeam "SV Stuttgart-Wolfbusch 1956 e.V."]
[BlackTeam "SK Enkenbach"]

1. e4 d5 2. exd5 Qxd5 3. Nc3 Qa5 4. d4 c6 5. Bd2 Bf5 6. Bc4 e6 7. Nf3 Nf6 8.
Nd5 Qd8 9. Nxf6+ Qxf6 10. c3 Bd6 11. Qb3 Qe7 12. O-O O-O 13. a4 Qc7 14. Rfe1
Nd7 15. h3 h6 16. Qd1 a6 17. a5 b5 18. axb6 Qxb6 19. Ra2 a5 20. Be3 Qb7 21. Qd2
Rfb8 22. Bd3 Bxd3 23. Qxd3 Qb3 24. Rea1 a4 25. Nd2 Qb7 26. Nc4 Bc7 27. Rxa4
Rxa4 28. Rxa4 Ra8 29. Rxa8+ Qxa8 30. Qb1 Qa4 31. b3 Qb5 32. Qa2 Bb8 33. g3 e5
34. Qa4 exd4 35. Bxd4 Qb7 36. Na5 Qc8 37. Qxc6 Qe8 38. Nc4 Kh7 39. Kg2 Qe7 40.
Qb7 f5 41. Nb6 1-0

[Event "Stuttgarter Stadtmeisterschaft 2010 A"]
[Site "Ditzingen"]
[Date "2010.05.14"]
[Round "3.23"]
[White "Häcker, Sonja"]
[Black "Braun, Peter"]
[Result "1/2-1/2"]
[WhiteElo "2064"]
[BlackElo "2228"]
[PlyCount "117"]
[EventDate "2010.??.??"]
[WhiteTeam "SV Stuttgart-Wolfbusch 1956 e.V."]
[BlackTeam "SK Frankenthal"]

1. e4 c5 2. Nc3 Nc6 3. g3 g6 4. Bg2 Bg7 5. d3 d6 6. f4 e6 7. Nf3 Nge7 8. O-O
O-O 9. Be3 b6 10. Bf2 Ba6 11. Re1 Qc7 12. d4 Rad8 13. a4 Rfe8 14. Nb5 Bxb5 15.
axb5 Nxd4 16. Nxd4 cxd4 17. Bxd4 e5 18. Bc3 d5 19. exd5 Qc5+ 20. Kh1 Nxd5 21.
Qf3 Nxc3 22. Qxc3 Qxc3 23. bxc3 exf4 24. Rxe8+ Rxe8 25. gxf4 Bxc3 26. Bc6 Re7
27. Ra3 Bb4 28. Rf3 f5 29. Kg2 Kg7 30. c4 Bd6 31. Rf2 Kf6 32. Kf3 Re1 33. Bd5
h6 34. Kg2 Rd1 35. h4 Re1 36. Kf3 Re7 37. Ra2 Bb8 38. Bc6 Re1 39. Rf2 Bd6 40.
Bd5 Re7 41. Ra2 Kg7 42. Rg2 Bc5 43. Ra2 Bd6 44. Rg2 h5 45. Ra2 Bb8 46. Rd2 Bd6
47. Bc6 Bb4 48. Rb2 Bc3 49. Rh2 Bf6 50. Bd5 Re1 51. Kf2 Ra1 52. Rh3 Ra2+ 53.
Kf1 Bd4 54. Ke1 Ra1+ 55. Ke2 Ra2+ 56. Ke1 Bf6 57. Kf1 Bd4 58. Ke1 Bf6 59. Kf1
1/2-1/2